| 000 | 00435nam a22001451a 4500 | ||
|---|---|---|---|
| 082 |
_aM200 7 _bBHA/P |
||
| 100 |
_aBhargavan Pillai G _9180373 |
||
| 245 |
_aPorattunatakavum mattum/ _cby Bhargavan Pillai G |
||
| 260 |
_aKottayam: _bSahitya Pravartaka Cooperative Society, _c2008. |
||
| 300 | _a93p. | ||
| 650 |
_aDrama Malayalam Study _9180374 |
||
| 650 |
_aLiterature Malayalam _9180375 |
||
| 650 |
_aLiterature _9180376 |
||
| 942 | _cBK | ||
| 999 |
_c143153 _d143153 |
||